000 00650nam a2200181Ia 4500
008 100920s9999 xx 000 0 und d
082 _b107134
_a--- न 09
100 _aचेस जेम्स हॅडले.
245 _aनॉक ! नॉक !! टू इज देअर.
260 _bसाकेत प्रकाशन,औरंगाबाद.
_c2009
300 _a191
_bसाधी
365 _b150
520 _aकादंबरी.
630 _aनॉक ! नॉक !! टू इज देअर.
650 _aकादंबरी.
730 _aनॉक ! नॉक !! टू इज देअर.
942 _cBOOK
999 _c747558
_d747555